000 00612nam a2200205Ia 4500
999 _c36894
_d36894
001 2845
003 GE_BSU
005 20221028110811.0
008 181216s2012||||enk|||||||||||||| ||eng||
020 _a9781937271138
040 _cGE_BSU
041 _aeng
080 _a28 Ch-56
245 _aJesu Christ, who is over all, speaketh strong warning of certain holy power of judgments to be upon nation of my holy power of new Jerusalem also to all nations
264 _c2012
300 _a65p.;
_b26 cм.
653 _aრელიგია
653 _aქრისტიანობა
942 _cBK
_2udc